[Event "FRA-ch op-A"]
[Site "Albi"]
[Date "2022.08.21"]
[Round "9"]
[White "Trabet, Mathis"]
[Black "Saya, Ethan"]
[Result "0-1"]
[WhiteElo "2066"]
[BlackElo "2146"]
[PlyCount "122"]
[EventDate "2022.08.13"]
[EventType "swiss"]
[EventRounds "9"]
[EventCountry "FRA"]
[SourceTitle "CBM 210 Extra"]
[Source "ChessBase"]
[SourceDate "2022.11.30"]
[SourceVersion "1"]
[SourceVersionDate "2022.11.30"]
[SourceQuality "1"]

1. e4 e6 2. d4 d5 3. Nd2 c5 4. exd5 Qxd5 5. Ngf3 cxd4 6. Bc4 Qd7 7. Qe2 Nc6 8. Nb3 Bb4+ 9. Bd2 Bxd2+ 10. Qxd2 e5 11. 0-0-0 Nge7 12. Rhe1 Qf5 13. Qe2 Qf4+ 14. Nfd2 Bf5 15. g3 Qg4 16. f4 Qxe2 17. Bxe2 f6 18. Nc4 0-0 19. Nd6 Be6 20. Nxb7 Bd5 21. N7c5 Rac8 22. Kb1 Rfd8 23. fxe5 fxe5 24. Bg4 Rc7 25. Be6+ Kh8 26. Rf1 Ng6 27. h4 Nb4 28. Bxd5 Rxd5 29. h5 Ne7 30. Rf7 Rd6 31. Re1 Rf6 32. Rf1 Rxf7 33. Rxf7 Kg8 34. Rf2 Ned5 35. Ne6 Rf7 36. Rxf7 Kxf7 37. Ng5+ Kf6 38. Nxh7+ Kf5 39. Nf8 Nf6 40. c3 dxc3 41. bxc3 Nc6 42. Kc2 Nxh5 43. Kd3 Nxg3 44. Kc4 g5 45. Kd5 Ne7+ 46. Kd6 Nc8+ 47. Kc6 Nb6 48. Kb7 Ne2 49. Nd2 Nxc3 50. Kxa7 Nbd5 51. Nd7 g4 52. Nf1 e4 53. Nc5 e3 54. a4 e2 55. Ng3+ Kf4 56. Nxe2+ Nxe2 57. Nd3+ Ke3 58. Ne1 Kf2 59. Nd3+ Kf1 60. Ne5 g3 61. Nf3 g2 0-1

[Event "FRA-ch op-A"]
[Site "Albi"]
[Date "2022.08.14"]
[Round "2"]
[White "Trabet, Mathis"]
[Black "Schmitt, Vincent"]
[Result "1-0"]
[WhiteElo "2066"]
[BlackElo "2146"]
[PlyCount "129"]
[EventDate "2022.08.13"]
[EventType "swiss"]
[EventRounds "9"]
[EventCountry "FRA"]
[SourceTitle "CBM 210 Extra"]
[Source "ChessBase"]
[SourceDate "2022.11.30"]
[SourceVersion "1"]
[SourceVersionDate "2022.11.30"]
[SourceQuality "1"]

1. e4 e5 2. Nf3 Nc6 3. d4 exd4 4. Nxd4 Nf6 5. Nxc6 bxc6 6. e5 Qe7 7. Qe2 Nd5 8. c4 Ba6 9. h4 g6 10. Bg5 Qb4+ 11. Nd2 Qxb2 12. Rb1 Qxa2 13. Rh3 Bb4 14. Rhb3 h6 15. R3b2 Qa5 16. Bf6 0-0 17. Rxb4 Nxb4 18. Nb3 Qa2 19. Rb2 Nd3+ 20. Qxd3 Qxb2 21. h5 Rab8 22. hxg6 Bxc4 23. gxf7+ Rxf7 24. Qg6+ Kf8 25. Bxc4 Qc3+ 26. Nd2 d5 27. Qxh6+ Ke8 28. Qh8+ Rf8 29. Qg7 Rxf6 30. Qxf6 Rb2 31. Qxc6+ Kf8 32. Qf6+ Ke8 33. Qh8+ Ke7 34. Qg7+ Kd8 35. Qf8+ Kd7 36. Qf7+ Kc6 37. Qxd5+ Kb6 38. Be2 Rb1+ 39. Bd1 Rb5 40. Qe6+ c6 41. Qd6 Rd5 42. Qb8+ Ka5 43. Qxa7+ Kb4 44. Qa4+ Kc5 45. Qc2 Rxe5+ 46. Kf1 Qxc2 47. Bxc2 Re8 48. Be4 Re6 49. f4 Kd4 50. f5 Rh6 51. Ke2 c5 52. Bd3 Rb6 53. Nf3+ Kd5 54. Ke3 Rb3 55. Nd2 Ra3 56. g4 Rc3 57. Nc4 Rc1 58. Be2 Rg1 59. Kf4 Re1 60. Ne3+ Kd6 61. Bc4 Ke7 62. g5 Kf8 63. f6 Rg1 64. Ng4 Rc1 65. Ne5 1-0

[Event "FRA-ch Blitz Online Qual"]
[Site "Europe Echecs INT"]
[Date "2020.05.16"]
[Round "13"]
[White "Macon, Arthur"]
[Black "Trabet, Mathis"]
[Result "1-0"]
[WhiteElo "2310"]
[BlackElo "2118"]
[PlyCount "67"]
[EventDate "2020.05.16"]
[EventType "swiss (blitz)"]
[EventRounds "15"]
[EventCountry "FRA"]
[SourceTitle "CBM 196 Extra"]
[Source "ChessBase"]
[SourceDate "2020.07.31"]
[SourceVersion "1"]
[SourceVersionDate "2020.07.31"]
[SourceQuality "1"]

1. Nf3 c5 2. g3 Nf6 3. Bg2 g6 4. 0-0 Bg7 5. c4 0-0 6. Nc3 Nc6 7. d4 cxd4 8. Nxd4 Nxd4 9. Qxd4 d6 10. Qd3 Nd7 11. b3 Nc5 12. Qd2 Bd7 13. Bb2 Bc6 14. Nd5 Bxd5 15. Bxd5 Bxb2 16. Qxb2 a5 17. h4 h5 18. Qc2 Kh7 19. Rab1 Rc8 20. Rfd1 Qd7 21. Qd2 b6 22. Kg2 Rc7 23. Bf3 Qf5 24. Qe3 Re8 25. Rbc1 Rd8 26. Rd5 Qf6 27. Rcd1 Rb8 28. Bxh5 gxh5 29. Rxh5+ Kg8 30. Rdd5 e6 31. Rh6 Qb2 32. Rdh5 Rbc8 33. Qg5+ Qg7 34. Rh8# 1-0

[Event "FRA-ch Blitz Online Qual"]
[Site "Europe Echecs INT"]
[Date "2020.05.16"]
[Round "5"]
[White "Mallevaey, Guillaume"]
[Black "Trabet, Mathis"]
[Result "0-1"]
[WhiteElo "1823"]
[BlackElo "2118"]
[PlyCount "45"]
[EventDate "2020.05.16"]
[EventType "swiss (blitz)"]
[EventRounds "15"]
[EventCountry "FRA"]
[SourceTitle "CBM 196 Extra"]
[Source "ChessBase"]
[SourceDate "2020.07.31"]
[SourceVersion "1"]
[SourceVersionDate "2020.07.31"]
[SourceQuality "1"]

1. c4 c5 2. g3 Nc6 3. Bg2 Nf6 4. Nc3 g6 5. e4 Bg7 6. Nge2 0-0 7. 0-0 d6 8. Rb1 a6 9. a3 Rb8 10. b4 cxb4 11. axb4 b5 12. c5 dxc5 13. bxc5 Nd4 14. d3 Nd7 15. c6 Nxc6 16. Nd5 e6 17. Nb4 Nxb4 18. Rxb4 Bb7 19. Be3 Ne5 20. Nc1 Rc8 21. f4 Rxc1 22. Bxc1 Nxd3 23. Rb2 0-1

[Event "FRA-ch Blitz Online Qual"]
[Site "Europe Echecs INT"]
[Date "2020.05.16"]
[Round "14"]
[White "Trabet, Mathis"]
[Black "Berthaut, Alexandre"]
[Result "0-1"]
[WhiteElo "2118"]
[BlackElo "1924"]
[PlyCount "106"]
[EventDate "2020.05.16"]
[EventType "swiss (blitz)"]
[EventRounds "15"]
[EventCountry "FRA"]
[SourceTitle "CBM 196 Extra"]
[Source "ChessBase"]
[SourceDate "2020.07.31"]
[SourceVersion "1"]
[SourceVersionDate "2020.07.31"]
[SourceQuality "1"]

1. e4 b6 2. d4 Bb7 3. Bd3 Nf6 4. e5 Bxg2 5. exf6 Bxh1 6. fxg7 Bxg7 7. f3 e6 8. Be3 Qh4+ 9. Bf2 Qxh2 10. Qd2 Nc6 11. c3 Rg8 12. Na3 Bh6 13. Be3 Rxg1+ 14. Bxg1 Qxd2+ 15. Kf1 Qxd3+ 16. Kf2 Qd2+ 17. Kg3 Qxb2 18. Nb1 Qxa1 19. Kh2 Qxb1 20. d5 Qxg1+ 21. Kxg1 Bxf3 22. c4 Bxd5 23. a4 Bxc4 24. a5 Nxa5 25. Kf2 Ke7 26. Kf3 Bf8 27. Ke4 d5+ 28. Ke5 f6+ 29. Kf4 e5+ 30. Ke3 d4+ 31. Kd2 h5 32. Kc2 h4 33. Kb2 h3 34. Ka3 Be6 35. Ka4 Nb7 36. Kb5 Nd8 37. Ka6 Bc8+ 38. Kb5 Kf7 39. Kc4 Kg8 40. Kd5 h2 41. Kc4 h1Q 42. Kd3 Ba6+ 43. Kc2 Qg2+ 44. Kb3 Qd5+ 45. Ka4 Qa5+ 46. Kb3 Bc4+ 47. Kxc4 Qc3+ 48. Kd5 c6+ 49. Ke4 f5+ 50. Kxe5 Qe3+ 51. Kf6 Bg7+ 52. Kg6 Qg3+ 53. Kh5 Qg4# 0-1

[Event "FRA-ch Blitz Online Qual"]
[Site "Europe Echecs INT"]
[Date "2020.05.16"]
[Round "6"]
[White "Trabet, Mathis"]
[Black "Di Nicolantonio, Lucas"]
[Result "0-1"]
[WhiteElo "2118"]
[BlackElo "2414"]
[PlyCount "56"]
[EventDate "2020.05.16"]
[EventType "swiss (blitz)"]
[EventRounds "15"]
[EventCountry "FRA"]
[SourceTitle "CBM 196 Extra"]
[Source "ChessBase"]
[SourceDate "2020.07.31"]
[SourceVersion "1"]
[SourceVersionDate "2020.07.31"]
[SourceQuality "1"]

1. e4 c5 2. Nf3 d6 3. Bb5+ Nd7 4. c3 Ngf6 5. Qe2 a6 6. Ba4 b5 7. Bc2 c4 8. 0-0 Bb7 9. b3 Qc7 10. Na3 Nb6 11. Rb1 e6 12. bxc4 bxc4 13. Qe3 Nfd7 14. d4 cxd3 15. Bxd3 Be7 16. Bb2 0-0 17. c4 Rfc8 18. Rfc1 Nc5 19. e5 Bxf3 20. Qxf3 dxe5 21. Bc3 Nxd3 22. Qxd3 Bxa3 23. Bxe5 Qxe5 24. Qxa3 Nxc4 25. Qf3 Nd2 26. Rxc8+ Rxc8 27. Qb7 Qc3 28. Rd1 Qc1 0-1

[Event "FRA-ch U12 "]
[Site "Agen"]
[Date "2018.04.21"]
[Round "8"]
[White "Droin, Augustin"]
[Black "Trabet, Mathis"]
[Result "1-0"]
[WhiteElo "1975"]
[BlackElo "1909"]
[PlyCount "115"]
[EventDate "2018.04.15"]
[EventType "swiss"]
[EventRounds "9"]
[EventCountry "FRA"]
[SourceTitle "EXT 2019"]
[Source "ChessBase"]
[SourceDate "2018.10.10"]
[SourceVersion "1"]
[SourceVersionDate "2018.10.10"]
[SourceQuality "1"]

1. e4 c5 2. Nf3 d6 3. d4 cxd4 4. Nxd4 Nf6 5. Nc3 g6 6. h3 a6 7. g4 b5 8. Bg2 Bb7 9. Qe2 Qc7 10. Bg5 Bg7 11. 0-0-0 Nbd7 12. Nd5 Nxd5 13. exd5 Nf6 14. Rhe1 h6 15. Bh4 Rd8 16. f4 Rd7 17. Nc6 Nxd5 18. Bxd5 Bxc6 19. Bxc6 Qxc6 20. Bxe7 Qc4 21. Qxc4 bxc4 22. Bxd6+ Kd8 23. Be5 f6 24. Bc3 g5 25. Re4 Re8 26. Rxc4 Rxd1+ 27. Kxd1 Re3 28. fxg5 hxg5 29. Rd4+ Ke7 30. Rd3 Re6 31. Kd2 Kf7 32. a4 Bf8 33. Rd5 Bd6 34. Kd3 Bf4 35. Bd2 Bg3 36. b4 Rb6 37. c4 Ke6 38. Ke4 Rb8 39. Bc3 Bf4 40. Rf5 Rc8 41. Rxf6+ Ke7 42. Rxa6 Rxc4+ 43. Kd3 Rc8 44. b5 Kd7 45. Bd2 Bxd2 46. Kxd2 Rh8 47. Rg6 Rxh3 48. Rxg5 Ra3 49. Rd5+ Ke6 50. Rd4 Ke5 51. Rb4 Rh3 52. b6 Rh2+ 53. Kc3 Rh8 54. b7 Rb8 55. a5 Kd6 56. a6 Kc7 57. a7 Rh8 58. b8Q+ 1-0

[Event "FRA-ch U12 "]
[Site "Agen"]
[Date "2018.04.20"]
[Round "7"]
[White "Zachary, Bastian"]
[Black "Trabet, Mathis"]
[Result "0-1"]
[WhiteElo "1884"]
[BlackElo "1909"]
[PlyCount "71"]
[EventDate "2018.04.15"]
[EventType "swiss"]
[EventRounds "9"]
[EventCountry "FRA"]
[SourceTitle "EXT 2019"]
[Source "ChessBase"]
[SourceDate "2018.10.10"]
[SourceVersion "1"]
[SourceVersionDate "2018.10.10"]
[SourceQuality "1"]

1. d4 Nf6 2. c4 c5 3. d5 b5 4. cxb5 a6 5. e3 d6 6. Nc3 g6 7. Nf3 Bg7 8. Be2 0-0 9. 0-0 axb5 10. Bxb5 Ba6 11. Bxa6 Nxa6 12. a3 Qd7 13. h3 Rfb8 14. e4 Nc7 15. Qc2 Nb5 16. Bd2 Qc7 17. Nxb5 Rxb5 18. Bc3 Qb7 19. Rfe1 Nd7 20. Ra2 Bxc3 21. Qxc3 Nb6 22. b3 Rb8 23. Nd2 Nd7 24. f4 Ra8 25. Raa1 Rba5 26. a4 R5a6 27. Rab1 Rb6 28. Qd3 Rb4 29. Qc3 Rb8 30. g3 Nb6 31. Qc2 Qa7 32. Kh1 Qa6 33. Kg1 c4 34. Nxc4 Nxc4 35. bxc4 Qb6+ 36. c5 0-1

[Event "FRA-ch U12"]
[Site "Belfort"]
[Date "2017.04.23"]
[Round "9.3"]
[White "Maugenest, Ghislain"]
[Black "Trabet, Mathis"]
[Result "1-0"]
[WhiteElo "1915"]
[BlackElo "1675"]
[PlyCount "57"]
[EventDate "2017.04.16"]
[EventType "swiss"]
[EventRounds "9"]
[EventCountry "FRA"]
[SourceTitle "EXT 2019"]
[Source "ChessBase"]
[SourceDate "2018.10.10"]
[SourceVersion "1"]
[SourceVersionDate "2018.10.10"]
[SourceQuality "1"]

1. d4 Nf6 2. c4 c5 3. d5 b5 4. cxb5 a6 5. f3 e6 6. e4 exd5 7. e5 Qe7 8. Qe2 Ng8 9. Nc3 Bb7 10. Nh3 c4 11. Be3 axb5 12. 0-0-0 Qxe5 13. Qf2 Ne7 14. Bf4 Qf6 15. Nxb5 Ng6 16. Qe3+ Be7 17. Nc7+ Kf8 18. Nxa8 Nxf4 19. Qxf4 Qxf4+ 20. Nxf4 Bg5 21. Nb6 Bxf4+ 22. Kb1 d4 23. Rxd4 Be3 24. Rxc4 Ba6 25. Rb4 Bc5 26. Rb3 Bxf1 27. Rxf1 Bd6 28. Rd1 Ke7 29. Re3+ 1-0